000
00192nam a2200085 4500
001
1244879
005
20251023123054.0
245
_a
GÖZCÜ KULESİNDE
_c
DELAL ARYA
260
_b
CAN ÇOCUK YAYINLARI
999
_c
1244879
_d
1244879